000 00742cab a2200253 4500
001 ABS60139
008 090401t1999 xxu||||| |||| 00| 0 eng d
035 _a(Sirsi) u91668
041 _aeng
100 _aArmitage, R.
245 _aBreaking the habit
260 _c1999
350 _a0
490 _aSurveyor
_v186(5521) 25 February 1999, 12-15(3)
520 _aLooks at ways local authorities can persuade companies to encourage their workers to leave the car behind, on trips to and from work.
650 _aCAR TRIPS
650 _aCOMMUTING
650 _aCOMPANIES
650 _aGREEN TRANSPORT PLANS
650 _aLOCAL AUTHORITIES
690 _aENVIRONMENTAL AND LAND CONSULTANCY
942 _n0
948 _c02/03/1999
999 _c58195
_d58195